Law, ethics and communication/ (Record no. 11240)

MARC details
000 -LEADER
fixed length control field 00932 a2200229 4500
005 - DATE AND TIME OF LATEST TRANSACTION
control field 20090515143012.0
008 - FIXED-LENGTH DATA ELEMENTS--GENERAL INFORMATION
fixed length control field 090515t xxu||||| |||| 00| 0 eng d
010 ## - LCCN (DPL NO)
LC control number ENG-89721
020 ## - INTERNATIONAL STANDARD BOOK NUMBER
Terms of availability 325.00
International Standard Book Number 818054639X
035 ## - SYSTEM CONTROL NUMBER
System control number EN-73254
037 ## - SOURCE OF ACQUISITION
Source of stock number/acquisition DBAD / PUB
082 ## - DEWEY DECIMAL CLASSIFICATION NUMBER
Classification number 340.112
100 ## - MAIN ENTRY--PERSONAL NAME
Personal name Kapoor, G. K.
245 ## - TITLE STATEMENT
Title Law, ethics and communication/
Statement of responsibility, etc by G. K. Kapoor [and] C.B. Gupta
Remainder of title for professional competence course of the Institute of Chartered Accountants of India effective from September 2006
250 ## - EDITION STATEMENT
Edition statement 2nd ed.
260 ## - PUBLICATION, DISTRIBUTION, ETC. (IMPRINT)
Place of publication, distribution, etc New Delhi
Name of publisher, distributor, etc Sultan Chand and Sons
Date of publication, distribution, etc 2008
270 ## - ADDRESS
Address 23, Darya Ganj,
City New Delhi
State or province Delhi
Postal code 110002
Telephone number 23243183, 23247051, 23266105, 23278843, 23281876
Fax number 23266357
300 ## - PHYSICAL DESCRIPTION
Extent Various pagings
Dimensions 28 cm. (Pbk)
700 ## - ADDED ENTRY--PERSONAL NAME
Personal name Gupta, C. B.
942 ## - ADDED ENTRY ELEMENTS (KOHA)
Institution code [OBSOLETE] dpl
Item type English Books
Call number prefix 340.112 / KAP
Source of classification or shelving scheme Dewey Decimal Classification
Holdings
Withdrawn status Lost status Source of classification or shelving scheme Damaged status Not for loan Collection code Home library Current library Source of acquisition Cost, normal purchase price Total Checkouts Full call number Barcode Date last seen Copy number Cost, replacement price Koha item type
    Dewey Decimal Classification   Not For Loan Non-fiction D.B.Act.Division D.B.Act.Division DBAD/PUB 325.00   340.112 KAP EN-73254 15/09/2008 1 325.00 English Books

© Delhi Public Library
Hit Counter
free hit counter